|
|
|
|
| LEADER |
00000nas a22000007a 4500 |
| 001 |
ssj0002319 |
| 003 |
WaSeSS |
| 005 |
20200512172242.0 |
| 006 |
m d |
| 007 |
cr n |
| 008 |
111220c19839999vaumn p s | a0eng |
| 010 |
|
|
|a 2011202130
|
| 022 |
|
|
|a 2165-1620
|y 0738-6656
|
| 035 |
|
|
|a (WaSeSS)ssj0002319
|
| 037 |
|
|
|b National Wildlife Federation, PO Box 96732, Washington, DC 20078-7738
|
| 040 |
|
|
|a DLC
|b eng
|c DLC
|d HNK
|d N@F
|d BRK
|d WAU
|d OCLCF
|d OCLCQ
|d COO
|d OCLCQ
|d OCLCO
|d OCLCA
|d OCLCQ
|d ZAC
|d OCLCQ
|d AU@
|d OCLCQ
|d VT2
|d WaSeSS
|
| 042 |
|
|
|a nsdp
|a pcc
|
| 082 |
1 |
0 |
|a 591/.05
|2 14
|
| 222 |
|
0 |
|a Ranger Rick
|b (Online)
|
| 245 |
0 |
0 |
|a Ranger Rick
|h [electronic resource].
|
| 260 |
|
|
|a Reston, VA :
|b National Wildlife Federation
|
| 310 |
|
|
|a Monthly except for Jan. and July
|
| 362 |
1 |
|
|a Print began with vol. 17, no. 1 (Jan. 1983).
|
| 506 |
|
|
|a License restrictions may limit access.
|
| 538 |
|
|
|a Mode of access: Tablet, Barnes & Noble Nook, etc.
|
| 588 |
|
|
|a Description based on surrogate of: Oct. 2011; title from cover.
|
| 588 |
|
|
|a Latest issue consulted: Surrogate of Dec./Jan. 2012.
|
| 650 |
|
0 |
|a Natural history
|v Periodicals
|v Juvenile literature.
|
| 650 |
|
0 |
|a Zoology
|v Periodicals
|v Juvenile literature.
|
| 650 |
|
7 |
|a Natural history.
|2 fast
|0 (OCoLC)fst01034268
|
| 650 |
|
7 |
|a Zoology.
|2 fast
|0 (OCoLC)fst01184696
|
| 655 |
|
0 |
|a Electronic journals.
|
| 710 |
2 |
|
|a National Wildlife Federation.
|
| 776 |
0 |
8 |
|i Print version:
|t Ranger Rick
|x 0738-6656
|w (DLC) 83644006
|w (OCoLC)9542474
|
| 856 |
4 |
0 |
|z Full text available from Research Library: 07/01/1998 to 06/30/2002
|u https://search.proquest.com/publication/47237
|